000 00498nam a22001817a 4500
003 CEME
005 20210628203010.0
008 210119b xxu||||| |||| 00| 0 eng d
020 _a0-471-48050-9
040 _c.
082 _a004.678 MIL
100 _aMiller, Mark A
_962787
245 _aInternet technology hanbook, optimizing the ip network
260 _aNEW YORK
_bJOHN WILEY
_c2004
300 _aXXIX,955 P
650 _aINTERNET TECHNOLOGY HANBOOK.IP NETWORKS
_962788
942 _cBK
_2ddc
999 _c571780
_d571780